[Event "29th Metz Open - A"]
[Site "Longeville-les-Metz"]
[Date "2011.05.06"]
[Round "7.12"]
[White "Jolly, Jean-Francois"]
[Black "Praveen Kumar, C."]
[Result "1-0"]
[WhiteElo "2357"]
[BlackElo "2358"]
[PlyCount "77"]
[EventDate "2011.05.02"]
[Source "Roland WIMMER, Pierre BECKER (FA)"]
[SourceDate "2011.05.18"]

1. e4 e6 2. d4 d5 3. Nc3 Nc6 4. Nf3 Nf6 5. e5 Ne4 6. Bd3 Bb4 7. Bd2 Nxd2 8.
Qxd2 f6 9. a3 Bxc3 10. Qxc3 Bd7 11. exf6 gxf6 12. O-O Qe7 13. Rfe1 O-O-O 14. b4
Rde8 15. b5 Nd8 16. a4 Qd6 17. a5 Nf7 18. Nd2 Rhg8 19. Bf1 e5 20. Qe3 Rg4 21.
dxe5 d4 22. exd6 dxe3 23. Rxe3 Rxe3 24. fxe3 Nxd6 25. c4 Be6 26. Rc1 a6 27. Be2
Rg5 28. bxa6 bxa6 29. c5 Nb5 30. Nf3 Rg7 31. Nd4 Bd5 32. g3 c6 33. Rf1 Re7 34.
Nc2 f5 35. Rxf5 Be4 36. Rf8+ Kb7 37. Nd4 Nc3 38. Bf3 Bxf3 39. Rxf3 1-0

[Event "29th Metz Open - A"]
[Site "Longeville-les-Metz"]
[Date "2011.05.06"]
[Round "7.13"]
[White "Guedon, Stephane"]
[Black "Marzolf, Bruno"]
[Result "1/2-1/2"]
[WhiteElo "2253"]
[BlackElo "2254"]
[PlyCount "80"]
[EventDate "2011.05.02"]
[Source "Roland WIMMER, Pierre BECKER (FA)"]
[SourceDate "2011.05.18"]

1. e4 e5 2. Nf3 Nc6 3. Bb5 a6 4. Ba4 Nf6 5. O-O Nxe4 6. d4 b5 7. Bb3 d5 8. dxe5
Be6 9. Qe2 Be7 10. Rd1 O-O 11. c4 bxc4 12. Bxc4 Bc5 13. Be3 Bxe3 14. Qxe3 Qb8
15. Bb3 Na5 16. Nbd2 Qa7 17. Nd4 Nxd2 18. Rxd2 c5 19. Nxe6 fxe6 20. Bc2 g6 21.
b3 Nc6 22. Rc1 Nd4 23. Bd1 Rac8 24. Bg4 Qb6 25. h4 Nf5 26. Bxf5 Rxf5 27. g3 Qb4
28. Rdc2 d4 29. Qe4 Rf7 30. Rc4 Qd2 31. R4c2 Qa5 32. Kg2 Rd7 33. Qg4 Qb6 34.
Rd1 d3 35. Rc4 Rcd8 36. Qe4 Rd4 37. Rxd4 Rxd4 38. Qa8+ Rd8 39. Qe4 Rd4 40. Qa8+
Rd8 1/2-1/2

[Event "29th Metz Open - A"]
[Site "Longeville-les-Metz"]
[Date "2011.05.06"]
[Round "7.14"]
[White "Maloberti, David"]
[Black "Donchenko, Alexander"]
[Result "1/2-1/2"]
[WhiteElo "2111"]
[BlackElo "2239"]
[PlyCount "148"]
[EventDate "2011.05.02"]
[Source "Roland WIMMER, Pierre BECKER (FA)"]
[SourceDate "2011.05.18"]

1. d4 d5 2. Nf3 Nf6 3. Bf4 e6 4. h3 c5 5. c3 Qb6 6. Qb3 Qxb3 7. axb3 Nc6 8. e3
Be7 9. Nbd2 Nd7 10. Bb5 f6 11. O-O Kf7 12. Rfe1 g5 13. Bc7 Nf8 14. Bb6 Nd7 15.
Bc7 h5 16. Nf1 a6 17. g4 Ra7 18. Bxc6 bxc6 19. Bh2 Nf8 20. Ng3 hxg4 21. hxg4
Ng6 22. dxc5 Bxc5 23. b4 Be7 24. Nd4 Bd7 25. f3 Rha8 26. Ra2 Bd8 27. Nge2 Bb6
28. Kf2 Ke7 29. Bg3 a5 30. Rea1 axb4 31. Rxa7 Rxa7 32. Rxa7 Bxa7 33. cxb4 Kd8
34. Bd6 Ne7 35. Nb3 Nc8 36. Bc5 Bb8 37. Ng3 Nd6 38. Nh5 Ke7 39. e4 dxe4 40.
fxe4 Kf7 41. Nd2 Bc8 42. Kf3 Ba6 43. Bd4 Ne8 44. Nb3 Bc7 45. Nc5 Bc8 46. Ng3
Nd6 47. Nh5 Bd8 48. Ng3 Nc4 49. Bc3 Bc7 50. Ne2 Ke7 51. Nc1 Ne5+ 52. Bxe5 Bxe5
53. N1d3 Bd4 54. Nb3 Bb6 55. Nbc5 Bc7 56. b3 Bd6 57. Kg2 Kd8 58. Kf3 Be7 59.
Nb2 Bd6 60. Nbd3 Kc7 61. Nb2 Be5 62. Nc4 Bc3 63. Nd3 Bd7 64. e5 Kd8 65. exf6
Bxf6 66. Nce5 Be8 67. Ke4 Ke7 68. Nc5 Bg7 69. Nb7 Bf8 70. Nc5 Bh6 71. Nb7 Bg7
72. Nc5 Bf8 73. Kd4 Bg7 74. Ke4 Bf6 1/2-1/2

[Event "29th Metz Open - A"]
[Site "Longeville-les-Metz"]
[Date "2011.05.06"]
[Round "7.17"]
[White "Colson, Arnaud"]
[Black "Zienkiewicz, Alexandre"]
[Result "1-0"]
[WhiteElo "2157"]
[BlackElo "2069"]
[PlyCount "126"]
[EventDate "2011.05.02"]
[Source "Roland WIMMER, Pierre BECKER (FA)"]
[SourceDate "2011.05.18"]

1. d4 f5 2. c4 Nf6 3. Nf3 e6 4. e3 d5 5. Bd3 c6 6. O-O Bd6 7. b3 O-O 8. Ba3
Bxa3 9. Nxa3 Qe7 10. Nc2 Ne4 11. Ne5 Nd7 12. Nxd7 Bxd7 13. Qc1 Rf6 14. Qa3 Qe8
15. f3 Ng5 16. Rae1 Qf8 17. Qxf8+ Raxf8 18. h4 Nf7 19. e4 fxe4 20. fxe4 dxe4
21. Bxe4 Nd6 22. Bd3 Rxf1+ 23. Rxf1 Rxf1+ 24. Kxf1 e5 25. dxe5 Nf7 26. e6 Bxe6
27. Nd4 Bd7 28. c5 g6 29. Ke2 Kg7 30. Ke3 Kf6 31. Kf4 Ne5 32. Be2 h6 33. b4 b5
34. Nf3 Nxf3 35. Bxf3 g5+ 36. hxg5+ hxg5+ 37. Ke4 Be6 38. Kd4 Bd7 39. a3 Be8
40. Bg4 Bf7 41. Bf3 Be8 42. Bg4 Bf7 43. Bc8 Be6 44. Bb7 Bd5 45. g3 Bf3 46. Bc8
Bd5 47. Bg4 Bg2 48. Bd1 Bh3 49. a4 a6 50. a5 Bf5 51. Bf3 Bd7 52. Bg2 Kf5 53.
Bh3+ g4 54. Bxg4+ Kxg4 55. Ke5 Kg5 56. Kd6 Be8 57. Kc7 Kf6 58. Kb7 Ke7 59. Kxa6
Kd8 60. Kb7 Bd7 61. a6 Bc8+ 62. Kb6 Bd7 63. a7 Kc8 1-0

[Event "29th Metz Open - A"]
[Site "Longeville-les-Metz"]
[Date "2011.05.06"]
[Round "7.18"]
[White "Migot, Tangi"]
[Black "Carrillo, Jesus"]
[Result "1-0"]
[WhiteElo "2272"]
[BlackElo "2118"]
[PlyCount "151"]
[EventDate "2011.05.02"]
[Source "Roland WIMMER, Pierre BECKER (FA)"]
[SourceDate "2011.05.18"]

1. e4 c5 2. Nc3 Nc6 3. Nf3 d6 4. d4 cxd4 5. Nxd4 Nf6 6. Bc4 e6 7. Be3 a6 8. Qe2
Qc7 9. O-O-O Be7 10. Rhg1 Na5 11. Bd3 O-O 12. g4 b5 13. g5 Nd7 14. Rg3 g6 15.
f4 b4 16. Nb1 Nc5 17. Nd2 e5 18. N4b3 Nxd3+ 19. Qxd3 exf4 20. Bxf4 Be6 21. Kb1
Nxb3 22. Nxb3 Rfc8 23. Rg2 Qb7 24. Rgd2 a5 25. Nd4 Bc4 26. Qg3 a4 27. Bxd6 Bxd6
28. Qxd6 b3 29. e5 bxa2+ 30. Ka1 a3 31. b3 Ra6 32. Nc6 Raxc6 33. Qxa3 Qb8 34.
Qe7 Re8 35. Rd8 Re6 36. Rxb8 R6xe7 37. Rxe8+ Rxe8 38. bxc4 Rxe5 39. Rd5 Re2 40.
Kxa2 Rxc2+ 41. Kb3 Rc1 42. Kb4 Kf8 43. Re5 f5 44. gxf6 h5 45. Re2 Kf7 46. Rf2
g5 47. Kb5 g4 48. c5 Rc3 49. c6 h4 50. Kb6 g3 51. hxg3 hxg3 52. Rf4 g2 53. Rg4
Rc2 54. c7 Kxf6 55. Rxg2 Rxg2 56. c8=Q Rg6 57. Kc5 Kg7 58. Kd5 Kh7 59. Ke5 Rg5+
60. Kf6 Rg6+ 61. Kf5 Rg7 62. Qe8 Ra7 63. Qh5+ Kg8 64. Qg4+ Rg7 65. Qh5 Ra7 66.
Qg6+ Kh8 67. Qf6+ Kh7 68. Qh4+ Kg8 69. Qc4+ Kh7 70. Kf6 Rg7 71. Qh4+ Kg8 72.
Qh5 Ra7 73. Qg4+ Kh7 74. Qh3+ Kg8 75. Qg3+ Kh7 76. Qh2+ 1-0

[Event "29th Metz Open - A"]
[Site "Longeville-les-Metz"]
[Date "2011.05.06"]
[Round "7.19"]
[White "Schweitzer, Viktoriya"]
[Black "Achereiner, Guillaume"]
[Result "1/2-1/2"]
[WhiteElo "2230"]
[BlackElo "2044"]
[PlyCount "82"]
[EventDate "2011.05.02"]
[Source "Roland WIMMER, Pierre BECKER (FA)"]
[SourceDate "2011.05.18"]

1. e4 e6 2. d4 d5 3. Nc3 Nf6 4. e5 Nfd7 5. f4 c5 6. Nf3 Nc6 7. Be3 Qb6 8. Qd2
cxd4 9. Nxd4 Qxb2 10. Rb1 Qa3 11. Ncb5 Qxa2 12. Rb3 Rb8 13. Nc7+ Kd8 14. Ncb5
a6 15. Nd6 Bxd6 16. exd6 Ke8 17. Qc3 Qa5 18. Nxc6 Qxc3+ 19. Rxc3 bxc6 20. Rxc6
Nf6 21. Be2 Kd7 22. Rc7+ Kxd6 23. Rxf7 Rb1+ 24. Bd1 Rb7 25. Rxb7 Bxb7 26. O-O
Rc8 27. Bd4 a5 28. Rf3 Rc4 29. Be5+ Kc5 30. Ra3 a4 31. c3 Bc6 32. Bd4+ Rxd4 33.
cxd4+ Kxd4 34. Bxa4 Bxa4 35. Rxa4+ Ke3 36. Ra6 d4 37. Rxe6+ Ne4 38. Kf1 d3 39.
Ke1 d2+ 40. Kd1 Kd3 41. Rxe4 Kxe4 1/2-1/2

[Event "29th Metz Open - A"]
[Site "Longeville-les-Metz"]
[Date "2011.05.07"]
[Round "8.1"]
[White "Maiorov, Nikita (*85)"]
[Black "Solodovnichenko, Yuri"]
[Result "0-1"]
[WhiteElo "2528"]
[BlackElo "2574"]
[PlyCount "154"]
[EventDate "2011.05.02"]
[Source "Roland WIMMER, Pierre BECKER (FA)"]
[SourceDate "2011.05.18"]

1. d4 g6 2. c4 Bg7 3. Nf3 c5 4. d5 d6 5. e4 Nf6 6. Bd3 b5 7. cxb5 a6 8. Nc3 O-O
9. O-O axb5 10. Bxb5 Ba6 11. Re1 Ng4 12. Bxa6 Nxa6 13. Bf4 Qb6 14. Qd2 Rfb8 15.
Rab1 Nc7 16. e5 dxe5 17. Nxe5 Nxe5 18. Bxe5 Bxe5 19. Rxe5 Qd6 20. Qe2 e6 21.
dxe6 Nxe6 22. Rd5 Qc6 23. Qe5 Qa6 24. h4 h5 25. Rd6 Rb6 26. Rxb6 Qxb6 27. Nd5
Qb8 28. Qf6 Qf8 29. a3 Qg7 30. Qxg7+ Kxg7 31. Nb6 Ra6 32. Nc4 Nd4 33. Kf1 Ra4
34. Nd2 Nb5 35. Rc1 Rxh4 36. Rxc5 Rh1+ 37. Ke2 Nd4+ 38. Ke3 Nf5+ 39. Kf3 Nd4+
40. Ke4 Rh4+ 41. Ke5 Ne6 42. Rc1 Nf4 43. Rc3 f6+ 44. Kd6 Nxg2 45. Nf3 Rh1 46.
b4 g5 47. b5 g4 48. b6 Rb1 49. Kc6 Nf4 50. Rc4 Nd3 51. Rd4 Rc1+ 52. Kd6 Nc5 53.
Nh4 Nb7+ 54. Kd7 Rc5 55. Ra4 Kh6 56. Ra7 Na5 57. a4 Kg5 58. Ng2 h4 59. b7 Nxb7
60. Rxb7 h3 61. Ne3 h2 62. Rb1 f5 63. Rh1 f4 64. Nxg4 Kxg4 65. Rxh2 Rc4 66. f3+
Kxf3 67. Ra2 Kg3 68. a5 f3 69. a6 f2 70. Ra3+ Kh2 71. a7 f1=Q 72. a8=Q Qf7+ 73.
Kd6 Qf6+ 74. Kd7 Rd4+ 75. Kc7 Qd6+ 76. Kb7 Rb4+ 77. Kc8 Rc4+ 0-1

[Event "29th Metz Open - A"]
[Site "Longeville-les-Metz"]
[Date "2011.05.07"]
[Round "8.2"]
[White "Gupta, Abhijeet"]
[Black "Spirin, Oleg"]
[Result "1-0"]
[WhiteElo "2604"]
[BlackElo "2479"]
[PlyCount "81"]
[EventDate "2011.05.02"]
[Source "Roland WIMMER, Pierre BECKER (FA)"]
[SourceDate "2011.05.18"]

1. d4 Nf6 2. c4 g6 3. Nc3 Bg7 4. e4 d6 5. f3 O-O 6. Nge2 e5 7. Be3 c6 8. Qd2
Nbd7 9. g4 a6 10. h4 b5 11. d5 cxd5 12. cxd5 Nb6 13. Ng3 Nc4 14. Bxc4 bxc4 15.
h5 Rb8 16. O-O-O Re8 17. hxg6 fxg6 18. Qh2 Kf7 19. g5 Nd7 20. Nf5 Nf8 21. Nxg7
Kxg7 22. f4 Bg4 23. Rdf1 Bh5 24. fxe5 dxe5 25. Rf6 Nd7 26. Rxa6 Rf8 27. Ra7 Kg8
28. Qh3 Rf7 29. Qe6 Qe7 30. Qxe7 Rxe7 31. Rf1 Bg4 32. a4 Rf7 33. Rxf7 Kxf7 34.
a5 Ke7 35. Bc5+ Ke8 36. Bd6 Rc8 37. a6 h5 38. gxh6 Kf7 39. Bxe5 Kg8 40. Bd6 Kh7
41. Rb7 1-0

[Event "29th Metz Open - A"]
[Site "Longeville-les-Metz"]
[Date "2011.05.07"]
[Round "8.3"]
[White "Michiels, Bart"]
[Black "Mikhalevski, Victor"]
[Result "1/2-1/2"]
[WhiteElo "2484"]
[BlackElo "2577"]
[PlyCount "99"]
[EventDate "2011.05.02"]
[Source "Roland WIMMER, Pierre BECKER (FA)"]
[SourceDate "2011.05.18"]

1. e4 c5 2. Nf3 d6 3. d4 cxd4 4. Nxd4 Nf6 5. Nc3 g6 6. Be3 Bg7 7. f3 O-O 8. Bc4
Nc6 9. Qd2 Bd7 10. O-O-O Rb8 11. Bb3 Na5 12. Bh6 Bxh6 13. Qxh6 e5 14. Nde2 b5
15. h4 b4 16. Nd5 Nxb3+ 17. axb3 Nxd5 18. Rxd5 Be6 19. h5 Rb7 20. Rb5 Qe7 21.
Rxb7 Qxb7 22. Ng3 Rc8 23. Kb1 Qe7 24. Nf1 a5 25. Ne3 Ra8 26. hxg6 fxg6 27. Qh4
Qxh4 28. Rxh4 h5 29. Rh1 Kf7 30. Rd1 Ra6 31. Kc1 h4 32. Rh1 g5 33. Kd2 Rc6 34.
Ra1 Rc5 35. Kd3 Kf6 36. Rh1 d5 37. exd5 Bxd5 38. Nxd5+ Rxd5+ 39. Ke3 Rc5 40.
Rc1 Kf5 41. c4 bxc3 42. bxc3 Rb5 43. Rb1 Rc5 44. c4 a4 45. bxa4 Rxc4 46. Ra1 e4
47. a5 exf3 48. Kxf3 g4+ 49. Kf2 h3 50. gxh3 1/2-1/2

[Event "29th Metz Open - A"]
[Site "Longeville-les-Metz"]
[Date "2011.05.07"]
[Round "8.4"]
[White "Dgebuadze, Alexandre"]
[Black "Eingorn, Vereslav S"]
[Result "1/2-1/2"]
[WhiteElo "2521"]
[BlackElo "2558"]
[PlyCount "61"]
[EventDate "2011.05.02"]
[Source "Roland WIMMER, Pierre BECKER (FA)"]
[SourceDate "2011.05.18"]

1. e4 e6 2. d4 d5 3. Nd2 c5 4. Ngf3 Nf6 5. exd5 Nxd5 6. Nb3 cxd4 7. Nbxd4 Bb4+
8. Bd2 O-O 9. Bxb4 Nxb4 10. c3 N4c6 11. Nb5 Nd7 12. Be2 Nf6 13. O-O a6 14. Nd6
Qc7 15. Nxc8 Raxc8 16. Re1 Rfd8 17. Qb3 Na5 18. Qc2 Nc4 19. Rad1 h6 20. h3 b5
21. Nd4 Nb6 22. Bf3 Rd6 23. Qe2 Nc4 24. Qc2 Rcd8 25. Nb3 Nd5 26. Nd4 Nf6 27.
Rc1 R6d7 28. Be2 Nb6 29. Bf3 Nc4 30. Be2 Nb6 31. Bf3 1/2-1/2

[Event "29th Metz Open - A"]
[Site "Longeville-les-Metz"]
[Date "2011.05.07"]
[Round "8.6"]
[White "Miezis, Normunds"]
[Black "Kravtsiv, Martyn"]
[Result "0-1"]
[WhiteElo "2542"]
[BlackElo "2565"]
[PlyCount "206"]
[EventDate "2011.05.02"]
[Source "Roland WIMMER, Pierre BECKER (FA)"]
[SourceDate "2011.05.18"]

1. c4 e6 2. e4 d5 3. exd5 exd5 4. d4 Nf6 5. Nc3 Bb4 6. Bd3 dxc4 7. Bxc4 O-O 8.
Nf3 Nc6 9. O-O Bg4 10. Be3 Rb8 11. Be2 Re8 12. h3 Bh5 13. Rc1 a6 14. Qb3 Bd6
15. Rfd1 Qd7 16. a3 h6 17. Na4 Na5 18. Qc2 Bg6 19. Bd3 Bxd3 20. Rxd3 Nd5 21.
Ne5 Bxe5 22. dxe5 Rxe5 23. Nc5 Qc6 24. b4 Nxe3 25. fxe3 Rbe8 26. bxa5 Rxe3 27.
Rxe3 Rxe3 28. Qd2 Rxa3 29. Nb3 Qb5 30. Nd4 Qxa5 31. Qxa5 Rxa5 32. Rxc7 Rd5 33.
Nb3 b6 34. Kf2 Rb5 35. Nd4 Rb2+ 36. Kf3 a5 37. Ra7 Rd2 38. Nf5 Rd3+ 39. Ke4 Rd2
40. g4 Re2+ 41. Kf3 Re6 42. h4 Rf6 43. Kg3 Kh7 44. h5 b5 45. Rxa5 Rb6 46. Ra3
b4 47. Rb3 g6 48. Nd4 Kg7 49. Kf4 Rb8 50. hxg6 fxg6 51. Ke5 Kf7 52. Rf3+ Kg8
53. Rh3 Kg7 54. Ne6+ Kf7 55. Rf3+ Kg8 56. Nd4 Kg7 57. Rh3 Rb7 58. Ne6+ Kg8 59.
Rb3 Rb8 60. Kf6 Rb6 61. Ke7 Rb7+ 62. Kd6 Rb6+ 63. Kd5 Rb8 64. Nd4 Kg7 65. Rf3
Rb7 66. Ne6+ Kh7 67. Nc5 Rb8 68. Nd7 Rb5+ 69. Ke6 h5 70. gxh5 gxh5 71. Rg3 h4
72. Rg4 Kh6 73. Kf6 Kh5 74. Rg8 h3 75. Ne5 Rb6+ 76. Kf5 h2 77. Rg5+ Kh4 78.
Ng6+ Rxg6 79. Rxg6 b3 80. Kf4 Kh5 81. Rg8 b2 82. Rh8+ Kg6 83. Rxh2 b1=Q 84.
Rg2+ Kf6 85. Rf2 Qd3 86. Rf3 Qd4+ 87. Kg3+ Kg5 88. Rf2 Qe3+ 89. Kg2 Kg4 90. Kf1
Qe4 91. Re2 Qd4 92. Kg2 Qb4 93. Rf2 Qe4+ 94. Kh2 Qe3 95. Kg2 Qe1 96. Rf1 Qg3+
97. Kh1 Kh3 98. Rf2 Qc3 99. Rh2+ Kg3 100. Rg2+ Kf3 101. Kh2 Qe1 102. Rg8 Qe5+
103. Kh1 Qa1+ 0-1

[Event "29th Metz Open - A"]
[Site "Longeville-les-Metz"]
[Date "2011.05.07"]
[Round "8.7"]
[White "Rotstein, Arkadij"]
[Black "Aguettaz, Maxime"]
[Result "0-1"]
[WhiteElo "2547"]
[BlackElo "2417"]
[PlyCount "120"]
[EventDate "2011.05.02"]
[Source "Roland WIMMER, Pierre BECKER (FA)"]
[SourceDate "2011.05.18"]

1. e4 c5 2. d3 Nc6 3. f4 g6 4. Nf3 Bg7 5. Be2 e6 6. O-O Nge7 7. c3 b6 8. Na3
Bb7 9. Qe1 d6 10. Nc2 Qd7 11. Rb1 f5 12. b4 O-O 13. bxc5 dxc5 14. e5 Nd5 15.
Na3 Bh6 16. g3 Rfd8 17. Nc4 Rab8 18. h4 Ba8 19. Ng5 Bg7 20. h5 b5 21. Nd6 Nxc3
22. Qxc3 Qxd6 23. Be3 h6 24. Qb3 c4 25. dxc4 Nxe5 26. c5 Qd5 27. Qxd5 Bxd5 28.
fxe5 hxg5 29. Bxg5 Rdc8 30. Bf6 Bxf6 31. exf6 gxh5 32. Bxh5 Rxc5 33. Rfc1 Rxc1+
34. Rxc1 Rf8 35. f7+ Kg7 36. Rc7 Bxa2 37. Rxa7 Bd5 38. Kf2 b4 39. Ra1 b3 40.
Rb1 Rb8 41. g4 Be4 42. Rb2 Bc2 43. gxf5 exf5 44. Ke3 Rh8 45. Be2 Kxf7 46. Bc4+
Kg6 47. Kf2 Rh3 48. Kg2 Rc3 49. Bd5 Be4+ 50. Bxe4 fxe4 51. Rb1 Kf5 52. Kf2 Ke5
53. Ke2 Kd4 54. Rd1+ Rd3 55. Rb1 Rh3 56. Rd1+ Kc3 57. Rc1+ Kb4 58. Rb1 Rd3 59.
Ke1 Kc3 60. Rc1+ Kb2 0-1

[Event "29th Metz Open - A"]
[Site "Longeville-les-Metz"]
[Date "2011.05.07"]
[Round "8.8"]
[White "Venkatesh, Marami Rajendran"]
[Black "Savchenko, Stanislav"]
[Result "1/2-1/2"]
[WhiteElo "2463"]
[BlackElo "2510"]
[PlyCount "65"]
[EventDate "2011.05.02"]
[Source "Roland WIMMER, Pierre BECKER (FA)"]
[SourceDate "2011.05.18"]

1. e4 c5 2. Nc3 d6 3. d4 cxd4 4. Qxd4 a6 5. Bg5 Nc6 6. Qd2 h6 7. Bh4 g5 8. Bg3
Bg7 9. Bd3 Nf6 10. Nge2 Qa5 11. f3 Be6 12. Bf2 Rc8 13. h4 Nd7 14. Be3 Rg8 15.
hxg5 hxg5 16. Rh5 Bf6 17. Kf2 Nde5 18. Rah1 Nc4 19. Bxc4 Bxc4 20. Nd4 Nxd4 21.
Bxd4 Bxd4+ 22. Qxd4 Kd7 23. Rd1 f6 24. Rh7 Ke8 25. Rd2 Qc5 26. Qxc5 Rxc5 27.
Nd5 Bxd5 28. exd5 Kd7 29. c3 b5 30. Ke3 Rc4 31. Re2 Rh4 32. Rxh4 gxh4 33. Kf4
1/2-1/2

[Event "29th Metz Open - A"]
[Site "Longeville-les-Metz"]
[Date "2011.05.07"]
[Round "8.10"]
[White "Marzolf, Bruno"]
[Black "Gladyszev, Oleg"]
[Result "0-1"]
[WhiteElo "2254"]
[BlackElo "2472"]
[PlyCount "26"]
[EventDate "2011.05.02"]
[Source "Roland WIMMER, Pierre BECKER (FA)"]
[SourceDate "2011.05.18"]

1. d4 Nf6 2. Nc3 d5 3. Bg5 Nbd7 4. e3 h6 5. Bh4 e6 6. Nf3 Be7 7. Bd3 O-O 8. O-O
c5 9. Re1 b6 10. e4 Nxe4 11. Rxe4 dxe4 12. Bxe4 Rb8 13. Bg3 f5 0-1

[Event "29th Metz Open - A"]
[Site "Longeville-les-Metz"]
[Date "2011.05.07"]
[Round "8.11"]
[White "Nguyen, Chi-Minh"]
[Black "Donchenko, Anatoly"]
[Result "1/2-1/2"]
[WhiteElo "2381"]
[BlackElo "2397"]
[PlyCount "59"]
[EventDate "2011.05.02"]
[Source "Roland WIMMER, Pierre BECKER (FA)"]
[SourceDate "2011.05.18"]

1. d4 d5 2. c4 e6 3. Nc3 Nf6 4. cxd5 exd5 5. Bg5 Nbd7 6. e3 Be7 7. Bd3 Nf8 8.
h3 Ne6 9. Bh4 O-O 10. Nf3 g6 11. O-O c6 12. Rb1 Ng7 13. b4 a5 14. a4 Nf5 15.
Bg5 Be6 16. Rb2 b5 17. Ne5 Rc8 18. g4 Nd6 19. Bh6 Re8 20. f4 Nfe4 21. Bxe4 dxe4
22. f5 Bc4 23. Nxc4 Nxc4 24. Re2 Bg5 25. Bxg5 Qxg5 26. Qe1 Nd6 27. Rg2 Qe7 28.
f6 Qe6 29. Qh4 Kh8 30. Qg3 1/2-1/2

[Event "29th Metz Open - A"]
[Site "Longeville-les-Metz"]
[Date "2011.05.07"]
[Round "8.13"]
[White "Praveen Kumar, C."]
[Black "Maloberti, David"]
[Result "1-0"]
[WhiteElo "2358"]
[BlackElo "2111"]
[PlyCount "55"]
[EventDate "2011.05.02"]
[Source "Roland WIMMER, Pierre BECKER (FA)"]
[SourceDate "2011.05.18"]

1. d4 Nf6 2. c4 g6 3. Nc3 Bg7 4. e4 d6 5. Bd3 c5 6. Nge2 Nc6 7. d5 Ne5 8. Ng3
O-O 9. Be2 e6 10. f4 Ned7 11. dxe6 fxe6 12. Qxd6 e5 13. O-O Re8 14. f5 a5 15.
Be3 Ra6 16. Qd2 Qe7 17. Rad1 Rc6 18. Bg5 Qf7 19. Nd5 b6 20. fxg6 hxg6 21. Rf2
Nf8 22. Bxf6 Bxf6 23. Rdf1 Nh7 24. h4 Qg7 25. Nxf6+ Nxf6 26. h5 Kh7 27. Qg5
Ree6 28. Bg4 1-0

[Event "29th Metz Open - A"]
[Site "Longeville-les-Metz"]
[Date "2011.05.07"]
[Round "8.15"]
[White "Donchenko, Alexander"]
[Black "Guedon, Stephane"]
[Result "1-0"]
[WhiteElo "2239"]
[BlackElo "2253"]
[PlyCount "57"]
[EventDate "2011.05.02"]
[Source "Roland WIMMER, Pierre BECKER (FA)"]
[SourceDate "2011.05.18"]

1. d4 d5 2. Nf3 Nf6 3. c4 c6 4. e3 e6 5. b3 Bb4+ 6. Nbd2 Ne4 7. Bd3 f5 8. a3
Bd6 9. Bb2 Nd7 10. O-O Qf6 11. Re1 O-O 12. Nf1 Qh6 13. Ne5 Nxe5 14. dxe5 Bc7
15. b4 dxc4 16. Bxe4 fxe4 17. Qg4 b5 18. Ng3 Bb7 19. Nxe4 Rad8 20. Rad1 Bc8 21.
h3 Kf7 22. Bd4 a5 23. Bc5 Rfe8 24. Bd6 Bb6 25. Bb8 Kg8 26. Nf6+ Kf7 27. Nxe8
Kxe8 28. Qf3 Bd7 29. Bd6 1-0

[Event "29th Metz Open - A"]
[Site "Longeville-les-Metz"]
[Date "2011.05.07"]
[Round "8.16"]
[White "Peric, Slavisa"]
[Black "Pucher, Sebastien"]
[Result "1-0"]
[WhiteElo "2227"]
[BlackElo "2227"]
[PlyCount "121"]
[EventDate "2011.05.02"]
[Source "Roland WIMMER, Pierre BECKER (FA)"]
[SourceDate "2011.05.18"]

1. d4 Nf6 2. Nf3 g6 3. Bf4 Bg7 4. Nbd2 d5 5. e3 O-O 6. h3 b6 7. c3 Bb7 8. Be2
Nbd7 9. a4 a5 10. b4 Ne4 11. Rc1 Re8 12. Qb3 e5 13. Bh2 Nxd2 14. Nxd2 c6 15.
Nf3 exd4 16. cxd4 axb4 17. Qxb4 Ra5 18. O-O Qa8 19. Bd1 c5 20. dxc5 bxc5 21.
Qb1 Bc6 22. Bc7 Ra7 23. Bd6 Bf8 24. Bxf8 Rxf8 25. Qd3 Rc8 26. Ra1 Nb6 27. Qc3
Bxa4 28. Ne5 h5 29. g4 Bd7 30. Rb1 Nc4 31. Nxd7 Rxd7 32. gxh5 gxh5 33. Kh2 Rc6
34. Bxh5 f6 35. Rg1+ Rg7 36. Rxg7+ Kxg7 37. Rg1+ Kh6 38. Qc2 Qb8+ 39. Kh1 Ne5
40. Qf5 Qc8 41. Rg6+ Kh7 42. Rxf6+ Qxf5 43. Rxf5 Nd3 44. Rxd5 Nxf2+ 45. Kg2 Ne4
46. Bf3 Re6 47. Bg4 Re7 48. Kf3 Kg7 49. Bf5 Nc3 50. Rxc5 Nd1 51. e4 Nb2 52. e5
Nc4 53. e6 Nd6 54. Kf4 Ne8 55. Ke5 Nc7 56. Rc4 Nxe6 57. Bxe6 Ra7 58. Rg4+ Kh8
59. Rg8+ Kh7 60. Kf6 Ra6 61. Rg4 1-0

[Event "29th Metz Open - A"]
[Site "Longeville-les-Metz"]
[Date "2011.05.07"]
[Round "8.17"]
[White "Colson, Arnaud"]
[Black "Schweitzer, Viktoriya"]
[Result "0-1"]
[WhiteElo "2157"]
[BlackElo "2230"]
[PlyCount "136"]
[EventDate "2011.05.02"]
[Source "Roland WIMMER, Pierre BECKER (FA)"]
[SourceDate "2011.05.18"]

1. d4 Nf6 2. c4 d6 3. Nc3 Nbd7 4. Nf3 c6 5. e4 e5 6. Be2 Be7 7. O-O O-O 8. Re1
a6 9. a3 Re8 10. Qc2 Bf8 11. b4 g6 12. Bb2 Nh5 13. dxe5 dxe5 14. Rad1 Qc7 15.
c5 Bg7 16. Ng5 h6 17. Bxh5 hxg5 18. Be2 Nf8 19. Na4 Ne6 20. Nb6 Rb8 21. Nxc8
Rbxc8 22. Qc1 Rcd8 23. Bg4 Bf6 24. Bxe6 Rxe6 25. Rxd8+ Qxd8 26. Rd1 Qc8 27. Qd2
Re8 28. Qd7 Qb8 29. Qd6 Rd8 30. Qxb8 Rxb8 31. Rd6 Be7 32. Rd7 Bf6 33. f3 Kf8
34. Kf2 Ke8 35. Rd6 Be7 36. Rd3 f6 37. g3 b6 38. cxb6 Rxb6 39. Bc1 Rb5 40. Be3
a5 41. Bd2 axb4 42. Bxb4 Bxb4 43. axb4 Ke7 44. Rc3 Kd6 45. Rc4 Rb7 46. h4 gxh4
47. gxh4 Ra7 48. Kg3 Ra1 49. f4 Rg1+ 50. Kh2 Rg4 51. fxe5+ Kxe5 52. Kh3 Rxe4
53. Rxc6 Rxb4 54. Rc3 Rd4 55. Kg3 Kf5 56. Rf3+ Ke6 57. Re3+ Kf7 58. Ra3 Kg7 59.
Ra7+ Kh6 60. Ra8 Rd3+ 61. Kg4 f5+ 62. Kf4 Rh3 63. h5 Rh4+ 64. Ke5 Kxh5 65. Kf6
f4 66. Ra5+ Kg4 67. Rg5+ Kf3 68. Rxg6 Rh5 0-1

[Event "29th Metz Open - A"]
[Site "Longeville-les-Metz"]
[Date "2011.05.07"]
[Round "8.18"]
[White "Achereiner, Guillaume"]
[Black "Zienkiewicz, Alexandre"]
[Result "0-1"]
[WhiteElo "2044"]
[BlackElo "2069"]
[PlyCount "54"]
[EventDate "2011.05.02"]
[Source "Roland WIMMER, Pierre BECKER (FA)"]
[SourceDate "2011.05.18"]

1. d4 c5 2. d5 e6 3. c4 exd5 4. cxd5 d6 5. Nc3 Be7 6. e4 Bf6 7. Bf4 a6 8. Qa4+
Bd7 9. Qc2 Bc8 10. Nf3 Ne7 11. e5 dxe5 12. Nxe5 O-O 13. O-O-O Bf5 14. Bd3 Bxd3
15. Rxd3 Nf5 16. Rh3 g6 17. Ne4 Nd4 18. Qd3 Bg7 19. d6 b5 20. Bg5 f6 21. Nxg6
hxg6 22. Nxf6+ Rxf6 23. Re1 Nbc6 24. Rhe3 Qxd6 25. Bxf6 Qxf6 26. Qe4 Bh6 27.
Qd5+ Qe6 0-1

[Event "29th Metz Open - A"]
[Site "Longeville-les-Metz"]
[Date "2011.05.07"]
[Round "8.19"]
[White "Frick, Christoph"]
[Black "Carrillo, Jesus"]
[Result "1-0"]
[WhiteElo "2190"]
[BlackElo "2118"]
[PlyCount "71"]
[EventDate "2011.05.02"]
[Source "Roland WIMMER, Pierre BECKER (FA)"]
[SourceDate "2011.05.18"]

1. e4 c5 2. Nc3 Nc6 3. g3 g6 4. Bg2 Bg7 5. d3 d6 6. Nh3 e6 7. O-O Nge7 8. Be3
Nd4 9. Qd2 h6 10. Nd1 e5 11. f4 Qc7 12. c3 Ndc6 13. Rc1 Qa5 14. Qf2 Qxa2 15. c4
Qa5 16. f5 gxf5 17. Nc3 Qc7 18. exf5 Bxf5 19. g4 Bg6 20. Be4 O-O-O 21. Qg2 Nd4
22. Bxd4 exd4 23. Nb5 Qb6 24. Bxg6 fxg6 25. Rf7 Bf8 26. Nf4 a6 27. Rxe7 axb5
28. Nd5 Qa6 29. Rc7+ Kb8 30. Rf7 bxc4 31. dxc4 Rg8 32. Qf1 Qc6 33. Rc7 Qa6 34.
Ra1 Qc6 35. Rxc6 bxc6 36. Qf6 1-0